[Event "American Cup Blitz 2022"]
[Site "Saint Louis USA"]
[Date "2022.04.29"]
[Round "4.5"]
[White "Sevian, Samuel"]
[Black "Gledura, Benjamin"]
[Result "1-0"]
[WhiteTitle "GM"]
[BlackTitle "GM"]
[WhiteElo "2693"]
[BlackElo "2652"]
[WhiteFideId "2040506"]
[BlackFideId "712779"]
[EventDate "2022.04.29"]

1. d4 Nf6 2. Nf3 g6 3. Nbd2 d5 4. b4 Bg7 5. e3 O-O 6. c4 c6 7. a4 b6 8. Be2 a5
9. b5 cxb5 10. axb5 dxc4 11. Bxc4 Bb7 12. Ba3 Nbd7 13. Qb3 h6 14. Nh4 e6 15.
Bxf8 Bxf8 16. O-O g5 17. Nhf3 g4 18. Ne1 Bb4 19. Ra2 Rc8 20. Nd3 Bd6 21. Bxe6
Qe7 22. Bc4 h5 23. Nf4 h4 24. Ng6 Qd8 25. Bxf7+ Kg7 26. Nxh4 Bb8 27. g3 Qc7 28.
Be6 Rh8 29. Rc2 1-0

[Event "American Cup Blitz 2022"]
[Site "Saint Louis USA"]
[Date "2022.04.29"]
[Round "4.6"]
[White "Martinez Alcantara, Jose Eduardo"]
[Black "Kevlishvili, Robby"]
[Result "1-0"]
[WhiteTitle "GM"]
[BlackTitle "GM"]
[WhiteElo "2598"]
[BlackElo "2494"]
[WhiteFideId "3805662"]
[BlackFideId "1040634"]
[EventDate "2022.04.29"]

1. e4 c5 2. Nf3 d6 3. c3 Nf6 4. h3 Nc6 5. Bd3 d5 6. e5 Nd7 7. Bb5 Qb6 8. Bxc6
bxc6 9. d3 g6 10. O-O Bg7 11. Re1 O-O 12. c4 Rd8 13. Qe2 Nf8 14. Nc3 Bf5 15. g4
Bc8 16. Na4 Qa5 17. b3 Ne6 18. Be3 Bb7 19. Rad1 Rd7 20. Ng5 Nxg5 21. Bxg5 e6 22.
Qe3 Bf8 23. Bf6 Ba6 24. Rc1 Rb8 25. Re2 Rb4 26. Rec2 h6 27. Kg2 Kh7 28. h4 dxc4
29. dxc4 Rd4 30. Nc3 Rxg4+ 31. Kh3 Bxc4 32. Kxg4 Bxb3+ 33. Kg3 Bxc2 34. Rxc2 c4
35. Ne4 Rb1 36. Kg2 Re1 37. Qf3 Qa4 38. Rd2 c3 39. Nxc3 Bb4 40. Nxa4 1-0

[Event "American Cup Blitz 2022"]
[Site "Saint Louis USA"]
[Date "2022.04.29"]
[Round "5.1"]
[White "Aronian, Levon"]
[Black "Akobian, Varuzhan"]
[Result "1-0"]
[WhiteTitle "GM"]
[BlackTitle "GM"]
[WhiteElo "2785"]
[BlackElo "2600"]
[WhiteFideId "13300474"]
[BlackFideId "13300580"]
[EventDate "2022.04.29"]

1. d4 e6 2. Bf4 Nf6 3. e3 b6 4. Nf3 Bb7 5. Nbd2 Be7 6. h3 O-O 7. Bd3 c5 8. c3
cxd4 9. exd4 d6 10. O-O Nbd7 11. Re1 a6 12. a4 Re8 13. Bh2 Qc7 14. Nc4 h6 15.
Bf1 Bc6 16. Ne3 b5 17. axb5 axb5 18. Nd2 Rxa1 19. Qxa1 Ra8 20. Qb1 Qb7 21. Nf5
exf5 22. Rxe7 Ne4 23. Nxe4 Bxe4 24. Qe1 Qc6 25. f3 Bd5 26. Re8+ Rxe8 27. Qxe8+
Kh7 28. Qe7 Nb6 29. Qxd6 Qxd6 30. Bxd6 Nc4 31. Bc7 Nxb2 32. Bxb5 g5 33. f4 Kg6
34. g3 g4 35. h4 h5 36. Bd8 Kg7 37. Be7 f6 38. Be8 Nc4 39. Bb4 Bf7 40. Bd7 Ne3 1-0

[Event "American Cup Blitz 2022"]
[Site "Saint Louis USA"]
[Date "2022.04.29"]
[Round "5.2"]
[White "So, Wesley"]
[Black "Caruana, Fabiano"]
[Result "0-1"]
[WhiteTitle "GM"]
[BlackTitle "GM"]
[WhiteElo "2778"]
[BlackElo "2781"]
[WhiteFideId "5202213"]
[BlackFideId "2020009"]
[EventDate "2022.04.29"]

1. c4 e5 2. Nc3 Bb4 3. Nd5 Be7 4. d4 d6 5. Nf3 e4 6. Nd2 f5 7. e3 c6 8. Nxe7
Nxe7 9. b3 O-O 10. Be2 Nd7 11. O-O Nf6 12. Ba3 Be6 13. Rc1 Qd7 14. d5 cxd5 15.
cxd5 Nexd5 16. Nc4 b5 17. Na5 Rac8 18. Qd4 f4 19. exf4 Nxf4 20. Qd2 N6d5 21.
Rxc8 Rxc8 22. Rc1 Rf8 23. Bf1 Bg4 24. Nc6 a6 25. Nd4 h6 26. Rc6 Rf6 27. Rxa6 Bh3
28. Rxd6 Qg4 29. Rxf6 Bxg2 30. Rf8+ Kh7 31. Rxf4 Nxf4 32. Qxf4 Qxf4 33. Bxg2 e3
34. Nf3 e2 35. Bb2 Qb4 36. h3 e1=Q+ 37. Nxe1 Qxe1+ 38. Bf1 Qb1 39. Be5 Qxa2 40.
Bd3+ Kh8 41. Bxb5 Qb1+ 42. Bf1 Qxb3 43. h4 Qe6 44. Bg3 Qg4 45. Bg2 Kh7 46. Kh2
Qd4 47. Bh3 Kg6 48. Bg2 Kf6 49. Bf3 Qd3 50. Kg2 Kf5 51. Bb7 Kf6 52. Bf3 g5 53.
hxg5+ Kxg5 54. Bb7 h5 55. Bc8 h4 56. Bh2 Qe4+ 57. Kg1 Qf3 58. Ba6 Qg4+ 59. Kh1
Qd1+ 60. Kg2 h3+ 0-1

[Event "American Cup Blitz 2022"]
[Site "Saint Louis USA"]
[Date "2022.04.29"]
[Round "5.3"]
[White "Dominguez Perez, Leinier"]
[Black "Sevian, Samuel"]
[Result "1/2-1/2"]
[WhiteTitle "GM"]
[BlackTitle "GM"]
[WhiteElo "2756"]
[BlackElo "2693"]
[WhiteFideId "3503240"]
[BlackFideId "2040506"]
[EventDate "2022.04.29"]

1. e4 e5 2. Nf3 Nc6 3. Bb5 a6 4. Ba4 Nf6 5. Nc3 b5 6. Bb3 Be7 7. d3 d6 8. a3 Na5
9. Ba2 c5 10. O-O Nc6 11. Bg5 Be6 12. Bxf6 Bxf6 13. Nd5 g6 14. c3 Bg7 15. a4 O-O
16. Ne3 Bh6 17. Bxe6 fxe6 18. axb5 axb5 19. Rxa8 Qxa8 20. Qb3 Bxe3 21. Qxe6+ Kh8
22. fxe3 Qd8 23. Ra1 Qe7 24. Qxe7 Nxe7 25. Ra6 Nc8 26. d4 exd4 27. exd4 Re8 28.
dxc5 dxc5 29. Rc6 c4 30. Kf2 Kg7 31. Nd4 Ne7 32. Rc7 Kf6 33. Rb7 Nc8 34. Kf3 Nd6
35. Rb6 Ke7 36. e5 Nf7 37. Rb7+ Kf8 38. e6 Ng5+ 39. Kf2 Nxe6 40. Nxe6+ Rxe6 41.
Rxb5 Kg7 42. h4 h5 43. g3 Rd6 44. Ke3 Rd3+ 45. Kf4 Kh6 46. Rb4 Rd2 47. Rxc4 Rxb2
48. Rc8 Rf2+ 49. Ke3 Rg2 50. Kf3 Ra2 51. Rc7 Ra6 52. c4 g5 53. c5 gxh4 54. gxh4
Ra4 55. Rd7 Rxh4 56. c6 Rc4 57. c7 h4 58. Kg2 Rc3 59. Kh2 Kg6 60. Rd4 Rxc7 61.
Rxh4 Rh7 62. Rxh7 Kxh7 1/2-1/2

[Event "American Cup Blitz 2022"]
[Site "Saint Louis USA"]
[Date "2022.04.29"]
[Round "5.4"]
[White "Shankland, Sam"]
[Black "Martinez Alcantara, Jose Eduardo"]
[Result "0-1"]
[WhiteTitle "GM"]
[BlackTitle "GM"]
[WhiteElo "2709"]
[BlackElo "2598"]
[WhiteFideId "2004887"]
[BlackFideId "3805662"]
[EventDate "2022.04.29"]

1. d4 Nf6 2. c4 e6 3. Nf3 Bb4+ 4. Bd2 Qe7 5. Nc3 b6 6. e3 Bb7 7. Bd3 Bxc3 8.
Bxc3 d6 9. O-O Nbd7 10. Nd2 c5 11. Re1 O-O 12. e4 cxd4 13. Bxd4 Rac8 14. f3 Rfd8
15. Rc1 h6 16. b3 Nh5 17. Bf1 Nf4 18. g3 Ng6 19. Nb1 Nde5 20. f4 Nd7 21. Bf2 Nc5
22. Nc3 a6 23. Qd2 Qc7 24. b4 Nd7 25. h4 Qb8 26. h5 Ne7 27. Rcd1 d5 28. exd5 Nf6
29. Bxb6 Rd7 30. Bc5 Nf5 31. Bh3 Nxg3 32. Qf2 Ngxh5 33. dxe6 Nxf4 34. Qh2 fxe6
35. Rxd7 Nxd7 36. Be3 Nxh3+ 37. Qxh3 Re8 38. c5 Nf6 39. Bf2 Qc8 40. Bd4 Nh7 41.
Ne4 Bxe4 42. Rxe4 Ng5 43. Re3 Nxh3+ 0-1

[Event "American Cup Blitz 2022"]
[Site "Saint Louis USA"]
[Date "2022.04.29"]
[Round "5.5"]
[White "Robson, Ray"]
[Black "Antipov, Mikhail Al."]
[Result "1-0"]
[WhiteTitle "GM"]
[BlackTitle "GM"]
[WhiteElo "2681"]
[BlackElo "2592"]
[WhiteFideId "2023970"]
[BlackFideId "4107012"]
[EventDate "2022.04.29"]

1. e4 e5 2. Nf3 Nc6 3. Bc4 Bc5 4. d3 Nf6 5. Nc3 h6 6. h3 a6 7. a3 d6 8. Be3 Bxe3
9. fxe3 O-O 10. Qe2 b5 11. Bb3 Be6 12. Nd5 Na5 13. Ba2 c6 14. Nxf6+ Qxf6 15. b4
Nb7 16. Bxe6 Qxe6 17. O-O d5 18. Nd2 Nd6 19. exd5 cxd5 20. Nb3 f5 21. Nc5 Qe7
22. Qf3 e4 23. Qg3 Nb7 24. Nb3 Qd6 25. Rf4 g5 26. h4 Qg6 27. Raf1 Nd6 28. Nd4
Rf7 29. R4f2 Re8 30. h5 Qf6 31. Nxf5 Nxf5 32. Rxf5 Qxf5 33. Rxf5 Rxf5 34. Qd6
Rf7 35. Qxh6 1-0

[Event "American Cup Blitz 2022"]
[Site "Saint Louis USA"]
[Date "2022.04.29"]
[Round "5.6"]
[White "Oparin, Grigoriy"]
[Black "Xiong, Jeffery"]
[Result "1/2-1/2"]
[WhiteTitle "GM"]
[BlackTitle "GM"]
[WhiteElo "2674"]
[BlackElo "2685"]
[WhiteFideId "24125890"]
[BlackFideId "2047640"]
[EventDate "2022.04.29"]

1. d4 d5 2. c4 e6 3. Nf3 dxc4 4. e3 a6 5. Bxc4 Nf6 6. O-O c5 7. Re1 Nc6 8. Nc3
h6 9. d5 exd5 10. Nxd5 Ne4 11. Nd2 Nxf2 12. Kxf2 b5 13. Bb3 c4 14. Nxc4 bxc4 15.
Ba4 Bd7 16. Kg1 Bd6 17. Nf4 Be5 18. Qd5 Qa5 19. Qxa5 Nxa5 20. Bxd7+ Kxd7 21. Bd2
Nc6 22. Rad1 Rab8 23. Bc3+ Ke7 24. Nd5+ Ke6 25. Nf4+ Ke7 26. Nd5+ Ke6 27. Nf4+
Ke7 1/2-1/2

[Event "American Cup Blitz 2022"]
[Site "Saint Louis USA"]
[Date "2022.04.29"]
[Round "6.1"]
[White "Martinez Alcantara, Jose Eduardo"]
[Black "Aronian, Levon"]
[Result "0-1"]
[WhiteTitle "GM"]
[BlackTitle "GM"]
[WhiteElo "2598"]
[BlackElo "2785"]
[WhiteFideId "3805662"]
[BlackFideId "13300474"]
[EventDate "2022.04.29"]

1. e4 e5 2. Nf3 Nc6 3. Bb5 a6 4. Ba4 Nf6 5. d3 b5 6. Bb3 Be7 7. Nc3 d6 8. a3 O-O
9. Nd5 Nxd5 10. Bxd5 Qe8 11. O-O Rb8 12. h3 Kh8 13. Re1 f5 14. c3 Bf6 15. d4 f4
16. dxe5 Nxe5 17. a4 bxa4 18. Nxe5 Bxe5 19. f3 Bd7 20. Qc2 Qg6 21. Kf1 Bb5+ 22.
c4 Bd7 23. c5 Bb5+ 24. Bc4 dxc5 25. Bxb5 axb5 26. Qxc5 Qd6 27. Qxd6 cxd6 28. Rd1
Rfc8 29. g3 fxg3 30. f4 Rf8 31. Kg2 Bxf4 32. Bxf4 Rxf4 0-1

[Event "American Cup Blitz 2022"]
[Site "Saint Louis USA"]
[Date "2022.04.29"]
[Round "6.2"]
[White "Caruana, Fabiano"]
[Black "Dominguez Perez, Leinier"]
[Result "1-0"]
[WhiteTitle "GM"]
[BlackTitle "GM"]
[WhiteElo "2781"]
[BlackElo "2756"]
[WhiteFideId "2020009"]
[BlackFideId "3503240"]
[EventDate "2022.04.29"]

1. e4 e5 2. Nf3 Nf6 3. d4 Nxe4 4. Bd3 d5 5. Nxe5 Nd7 6. O-O Nxe5 7. dxe5 Nc5 8.
Be2 c6 9. Be3 Ne6 10. c3 Bc5 11. Bxc5 Nxc5 12. Nd2 O-O 13. Nb3 Qb6 14. Nxc5 Qxc5
15. Qd4 Qe7 16. Bd3 Be6 17. f4 c5 18. Qf2 f5 19. Rad1 Rad8 20. Be2 b6 21. Bf3
Rd7 22. Rd2 Rfd8 23. Rfd1 h6 24. h3 Kh7 25. b3 Kh8 26. Be2 Kh7 27. Kh2 Kh8 28.
Bb5 Rc7 29. Qf3 Rg8 30. Rxd5 Bxd5 31. Qxd5 Rcc8 32. Qd6 Qh4 33. e6 Qf6 34. e7
Qxc3 35. Qe6 Qf6 36. Qxf6 gxf6 37. Rd7 a6 38. Bxa6 Rce8 39. Bb5 Kg7 40. Rb7 Kf7
41. Bc4+ Kg7 42. Bxg8 Kxg8 43. Rxb6 Kf7 44. Rc6 Ra8 45. Rxc5 Rxa2 46. Rxf5 Kxe7
47. Rh5 Rb2 48. Rxh6 Rxb3 49. g4 Kf7 50. Rh7+ Kg6 51. Rc7 Ra3 52. Kg2 Rb3 53.
Rc5 Ra3 54. h4 Rb3 55. h5+ Kg7 56. Rc7+ Kh6 57. Rf7 Rb6 58. Kg3 Ra6 59. Kh4 Rb6
60. g5+ 1-0

[Event "American Cup Blitz 2022"]
[Site "Saint Louis USA"]
[Date "2022.04.29"]
[Round "6.3"]
[White "Sevian, Samuel"]
[Black "Akobian, Varuzhan"]
[Result "1-0"]
[WhiteTitle "GM"]
[BlackTitle "GM"]
[WhiteElo "2693"]
[BlackElo "2600"]
[WhiteFideId "2040506"]
[BlackFideId "13300580"]
[EventDate "2022.04.29"]

1. c4 e6 2. Nc3 d5 3. d4 c5 4. cxd5 exd5 5. Nf3 Nc6 6. g3 Nf6 7. Bg2 Be7 8. O-O
O-O 9. dxc5 Bxc5 10. Bg5 d4 11. Ne4 Be7 12. Bxf6 Bxf6 13. Ne1 Re8 14. Nd3 Be7
15. Rc1 Bf8 16. Re1 Qb6 17. Qd2 Nb4 18. a3 Nxd3 19. exd3 Bd7 20. b4 Bc6 21. Qg5
Qd8 22. Qxd8 Raxd8 23. Nd2 Rxe1+ 24. Rxe1 Bb5 25. Bf1 a5 26. bxa5 Bxa3 27. Rb1
Ba6 28. Bg2 Rd7 29. Nf3 f6 30. Nd2 Kf8 31. h4 Ke7 32. h5 Rc7 33. Be4 h6 34. Nb3
Rc3 35. Nxd4 Rc1+ 36. Rxc1 Bxc1 37. Nf5+ Kf8 38. Nd6 Ba3 39. Nxb7 Bb4 40. Nd8
Bxa5 41. Ne6+ Kf7 42. Nf4 Bc7 43. Nd5 Be5 44. Kg2 Bb7 45. Nxf6 Kxf6 46. Bxb7 Bd4
47. f4 Bc3 48. Be4 Bd4 49. Bg6 Bc5 50. Kf3 Bb6 51. Ke4 Bf2 52. g4 Bg1 53. d4 Bf2
54. g5+ hxg5 55. fxg5+ Kxg5 56. Ke5 1-0

[Event "American Cup Blitz 2022"]
[Site "Saint Louis USA"]
[Date "2022.04.29"]
[Round "6.5"]
[White "Oparin, Grigoriy"]
[Black "So, Wesley"]
[Result "1/2-1/2"]
[WhiteTitle "GM"]
[BlackTitle "GM"]
[WhiteElo "2674"]
[BlackElo "2778"]
[WhiteFideId "24125890"]
[BlackFideId "5202213"]
[EventDate "2022.04.29"]

1. d4 Nf6 2. c4 e6 3. Nf3 d5 4. g3 Bb4+ 5. Bd2 Be7 6. Bg2 O-O 7. O-O Nbd7 8. Bc3
c6 9. Nbd2 b6 10. Re1 Bb7 11. e4 Nxe4 12. Nxe4 dxe4 13. Rxe4 c5 14. Re3 cxd4 15.
Nxd4 Bxg2 16. Kxg2 Bf6 17. Qe2 Qc7 18. Rd1 a6 19. b3 Rfd8 20. Nf3 Bxc3 21. Rxc3
Nc5 22. Rc2 Rxd1 23. Qxd1 Rd8 24. Rd2 Rxd2 25. Qxd2 a5 26. h4 f6 27. Qe3 Kf7 28.
a3 Nd7 29. Qe4 h6 30. b4 axb4 31. axb4 Qd6 32. Nd4 f5 33. Qe3 Kf6 34. Nf3 e5 35.
Qc3 g5 36. hxg5+ hxg5 37. Qe3 f4 38. Qe4 Nf8 39. c5 bxc5 40. bxc5 Qxc5 41. g4
Qe7 42. Qf5+ Kg7 43. Nxg5 Qf6 44. Qxf6+ Kxf6 45. Ne4+ Ke6 46. Kf3 Ng6 47. Nc3
Kf6 48. Ke4 Kg5 49. f3 Nh4 50. Nd5 Nxf3 51. Kxf3 e4+ 52. Kxe4 Kxg4 53. Nxf4 1/2-1/2

[Event "American Cup Blitz 2022"]
[Site "Saint Louis USA"]
[Date "2022.04.29"]
[Round "6.6"]
[White "Xiong, Jeffery"]
[Black "Kevlishvili, Robby"]
[Result "1-0"]
[WhiteTitle "GM"]
[BlackTitle "GM"]
[WhiteElo "2685"]
[BlackElo "2494"]
[WhiteFideId "2047640"]
[BlackFideId "1040634"]
[EventDate "2022.04.29"]

1. e4 c5 2. Nf3 d6 3. Nc3 Nf6 4. d4 cxd4 5. Qxd4 Nc6 6. Qd3 g6 7. Nd5 Bg7 8. c3
O-O 9. Bg5 Nxd5 10. exd5 Ne5 11. Nxe5 Bxe5 12. Be2 Bf6 13. Be3 Bf5 14. Qd2 Qa5
15. O-O b5 16. Rfc1 a6 17. a4 bxa4 18. b4 Qc7 19. Rxa4 Qb7 20. c4 Rfb8 21. c5
dxc5 22. bxc5 Qb3 23. Rxa6 Rxa6 24. Bxa6 Qa3 25. Bf1 Rb2 26. Qd1 Rb3 27. c6 Rxe3
28. fxe3 Qxe3+ 29. Kh1 Be5 30. Qe1 Qh6 31. h3 Qf4 32. g3 Qd4 33. Bg2 Bd6 1-0

[Event "American Cup Blitz 2022"]
[Site "Saint Louis USA"]
[Date "2022.04.29"]
[Round "7.1"]
[White "Aronian, Levon"]
[Black "Sevian, Samuel"]
[Result "1/2-1/2"]
[WhiteTitle "GM"]
[BlackTitle "GM"]
[WhiteElo "2785"]
[BlackElo "2693"]
[WhiteFideId "13300474"]
[BlackFideId "2040506"]
[EventDate "2022.04.29"]

1. e4 c5 2. Nf3 d6 3. Bc4 Nf6 4. d3 Nc6 5. O-O e6 6. a4 Be7 7. Nbd2 O-O 8. c3 b6
9. Re1 Bb7 10. Ba2 Ba6 11. Nf1 Ne5 12. Bb1 Rc8 13. Ng3 Nfd7 14. Nxe5 dxe5 15. f4
exf4 16. Bxf4 Bg5 17. Bd6 Be7 18. Bf4 Bg5 19. Bd6 Be7 1/2-1/2

[Event "American Cup Blitz 2022"]
[Site "Saint Louis USA"]
[Date "2022.04.29"]
[Round "7.2"]
[White "Robson, Ray"]
[Black "Caruana, Fabiano"]
[Result "1/2-1/2"]
[WhiteTitle "GM"]
[BlackTitle "GM"]
[WhiteElo "2681"]
[BlackElo "2781"]
[WhiteFideId "2023970"]
[BlackFideId "2020009"]
[EventDate "2022.04.29"]

1. d4 Nf6 2. c4 e6 3. Nf3 d5 4. g3 dxc4 5. Bg2 Bb4+ 6. Bd2 a5 7. O-O O-O 8. a3
Bxd2 9. Nbxd2 b5 10. a4 c6 11. Qc2 Na6 12. b3 Nb4 13. Qc1 cxb3 14. Nxb3 bxa4 15.
Nc5 Ba6 16. Nxa6 Rxa6 17. Rxa4 Qb6 18. e3 Qb5 19. Ra3 Rc8 20. Ne5 Nfd5 21. Rd1
Raa8 22. Qc5 a4 23. Rc1 Qxc5 24. Rxc5 Rcb8 25. Bf3 Rb5 26. Rc4 Rb6 27. Bd1 g6
28. Rxa4 Rba6 29. Rxa6 Rxa6 30. Kg2 Ra1 31. Bf3 Rb1 32. Nxc6 Rb2 33. Kg1 Nd3 34.
Bxd5 exd5 35. Ne7+ Kg7 36. Nxd5 Nxf2 37. Rc7 Nh3+ 38. Kf1 Rxh2 39. Nf4 Ng5 40.
d5 Rd2 41. Ne6+ Kf6 42. Nxg5 Kxg5 43. Rxf7 Rxd5 44. Rxh7 Kg4 45. Ke2 Kxg3 46. e4
Re5 47. Ke3 g5 48. Kd4 Re8 49. e5 g4 50. Kd5 Kg2 51. e6 g3 52. e7 Kg1 53. Ke6 g2
54. Kd7 Rxe7+ 55. Kxe7 Kf1 56. Rf7+ Ke2 57. Rg7 Kf2 58. Ke8 g1=Q 59. Rxg1 Kxg1 1/2-1/2

[Event "American Cup Blitz 2022"]
[Site "Saint Louis USA"]
[Date "2022.04.29"]
[Round "7.3"]
[White "Xiong, Jeffery"]
[Black "Antipov, Mikhail Al."]
[Result "1-0"]
[WhiteTitle "GM"]
[BlackTitle "GM"]
[WhiteElo "2685"]
[BlackElo "2592"]
[WhiteFideId "2047640"]
[BlackFideId "4107012"]
[EventDate "2022.04.29"]

1. d4 Nf6 2. Nf3 g6 3. Nbd2 Bg7 4. e4 d6 5. c3 O-O 6. Be2 Nc6 7. O-O e5 8. dxe5
dxe5 9. Qc2 Nd7 10. b4 Qf6 11. a4 b6 12. Nc4 h6 13. Ne3 Kh7 14. Rd1 Ne7 15. a5
Qc6 16. b5 Qf6 17. axb6 cxb6 18. Nc4 Nc5 19. Rd6 Be6 20. Ncxe5 Rfd8 21. Rxd8
Rxd8 22. Rxa7 Bb3 23. Qb1 Bd1 24. Ng4 Qxc3 25. Bd2 Rxd2 26. Bxd1 Rb2 27. Qa1 Nc8
28. Rxf7 Rd2 29. Qxc3 1-0

[Event "American Cup Blitz 2022"]
[Site "Saint Louis USA"]
[Date "2022.04.29"]
[Round "7.4"]
[White "Shankland, Sam"]
[Black "Oparin, Grigoriy"]
[Result "1-0"]
[WhiteTitle "GM"]
[BlackTitle "GM"]
[WhiteElo "2709"]
[BlackElo "2674"]
[WhiteFideId "2004887"]
[BlackFideId "24125890"]
[EventDate "2022.04.29"]

1. d4 Nf6 2. c4 e6 3. Nf3 d5 4. Nc3 Be7 5. Bf4 O-O 6. e3 Nbd7 7. c5 Nh5 8. b4
Nxf4 9. exf4 b6 10. Be2 a5 11. a3 c6 12. O-O Qc7 13. g3 Ba6 14. Qc2 Bf6 15. Rfc1
bxc5 16. bxc5 Nxc5 17. dxc5 Bxc3 18. Ng5 g6 19. Qxc3 Bxe2 20. Re1 Bc4 21. h4
Rae8 22. h5 h6 23. hxg6 hxg5 24. g7 gxf4 25. Qf6 Bd3 26. Re5 Bg6 27. Rh5 Bxh5
28. Qh6 f5 29. Qh8+ 1-0

[Event "American Cup Blitz 2022"]
[Site "Saint Louis USA"]
[Date "2022.04.29"]
[Round "7.5"]
[White "Akobian, Varuzhan"]
[Black "Martinez Alcantara, Jose Eduardo"]
[Result "0-1"]
[WhiteTitle "GM"]
[BlackTitle "GM"]
[WhiteElo "2600"]
[BlackElo "2598"]
[WhiteFideId "13300580"]
[BlackFideId "3805662"]
[EventDate "2022.04.29"]

1. d4 Nf6 2. c4 e6 3. Nc3 Bb4 4. e3 O-O 5. Bd2 b6 6. Bd3 Bb7 7. Nf3 d6 8. Qc2 c5
9. a3 Bxc3 10. Bxc3 Nbd7 11. O-O Rc8 12. Rfd1 Qe7 13. Rac1 Rfd8 14. b4 cxd4 15.
Nxd4 Ne5 16. Nb5 Nxd3 17. Qxd3 Ne4 18. Bb2 Qh4 19. Qe2 a6 20. Nc3 Ng5 21. Rd4
Qh6 22. h4 Ne4 23. Nxe4 e5 24. Rxd6 Rxd6 25. Nxd6 Qxd6 26. e4 h6 27. f3 a5 28.
bxa5 bxa5 29. Qf2 f6 30. c5 Qd3 31. Kh2 Bc6 32. Qc2 Qxc2 33. Rxc2 Rd8 34. Bc3 a4
35. Rb2 Rd3 36. Rb8+ Kf7 37. Bb4 Ke7 38. Rc8 Kd7 39. Rg8 g5 40. h5 Ke6 41. Rg6
Kf7 42. Rxh6 Kg7 43. Rg6+ Kf7 44. Kg3 Bxe4 45. Ba5 Bxg6 46. hxg6+ Kxg6 47. c6
Rd4 48. c7 Rc4 49. Kf2 Kf7 50. Ke3 Ke6 51. g4 Kd5 52. Kd3 Rc6 53. Ke3 Kc5 54.
Ke4 Kb5 55. Bb4 Rxc7 56. Kf5 Rc4 57. Be7 Rf4+ 58. Kg6 Rxf3 59. Bxf6 Rxa3 60.
Bxg5 Rc3 61. Bf6 Rc5 62. g5 a3 63. Kf5 a2 0-1

[Event "American Cup Blitz 2022"]
[Site "Saint Louis USA"]
[Date "2022.04.29"]
[Round "8.1"]
[White "Aronian, Levon"]
[Black "Xiong, Jeffery"]
[Result "1-0"]
[WhiteTitle "GM"]
[BlackTitle "GM"]
[WhiteElo "2785"]
[BlackElo "2685"]
[WhiteFideId "13300474"]
[BlackFideId "2047640"]
[EventDate "2022.04.29"]

1. e4 e5 2. Nf3 Nc6 3. Bc4 Bc5 4. O-O Nf6 5. Re1 d6 6. c3 Bb6 7. d4 Bg4 8. Be3
Bxf3 9. gxf3 Nh5 10. Na3 Qh4 11. Kh1 Qf6 12. Bb5 O-O 13. Bxc6 bxc6 14. Rg1 Nf4
15. Nc2 Ne6 16. Rg3 Rab8 17. Qd2 Rfd8 18. d5 cxd5 19. exd5 Nf4 20. Bxf4 Qxf4 21.
Rd1 a5 22. b3 Re8 23. Ne3 a4 24. Qe2 axb3 25. Rg4 Qf6 26. axb3 Bxe3 27. Qxe3
Rxb3 28. Rc4 Re7 29. Ra1 h5 30. Qe4 g6 31. Qe3 Kg7 32. Kg2 Qf5 33. Ra7 h4 34.
Rxh4 g5 35. Rg4 f6 36. h4 e4 37. Rxe4 Rxe4 38. Rxc7+ Kg6 39. Qxe4 Qxe4 40. fxe4
gxh4 41. Rc6 Kg5 42. c4 h3+ 43. Kh2 Rc3 44. Rxd6 Rxc4 45. Re6 Rc2 46. Kxh3 Rxf2
47. Kg3 Rd2 48. Kf3 Rd3+ 49. Ke2 Rd4 50. Ke3 Rd1 51. Re8 Kg6 52. Re7 Kg5 53.
Rg7+ Kh6 54. Rg2 Ra1 55. Kd4 Ra7 56. d6 1-0

[Event "American Cup Blitz 2022"]
[Site "Saint Louis USA"]
[Date "2022.04.29"]
[Round "8.2"]
[White "Caruana, Fabiano"]
[Black "Shankland, Sam"]
[Result "1-0"]
[WhiteTitle "GM"]
[BlackTitle "GM"]
[WhiteElo "2781"]
[BlackElo "2709"]
[WhiteFideId "2020009"]
[BlackFideId "2004887"]
[EventDate "2022.04.29"]

1. d4 d5 2. c4 c6 3. Nf3 Nf6 4. e3 e6 5. b3 Ne4 6. Bd3 Bb4+ 7. Nbd2 Nd7 8. O-O
f5 9. a3 Bc3 10. Ra2 Ba5 11. b4 Nc3 12. Qc2 Nxa2 13. Qxa2 Bc7 14. a4 O-O 15. b5
Nf6 16. Ba3 Bd6 17. Ne5 Qe7 18. Bxd6 Qxd6 19. c5 Qc7 20. Ndf3 Bd7 21. Rc1 Be8
22. Qb3 Bh5 23. Ng5 Rae8 24. b6 axb6 25. cxb6 Qe7 26. a5 Ne4 27. Nh3 Ra8 28. a6
bxa6 29. Nxc6 Qd6 30. b7 Rae8 31. Nf4 Bf7 32. Bxa6 Nd2 33. Qb4 Qxb4 34. Nxb4 Nc4
35. Nfd3 Nd6 36. Rc7 Rb8 37. Nc6 Rbe8 38. Nde5 1-0

[Event "American Cup Blitz 2022"]
[Site "Saint Louis USA"]
[Date "2022.04.29"]
[Round "8.3"]
[White "Sevian, Samuel"]
[Black "So, Wesley"]
[Result "0-1"]
[WhiteTitle "GM"]
[BlackTitle "GM"]
[WhiteElo "2693"]
[BlackElo "2778"]
[WhiteFideId "2040506"]
[BlackFideId "5202213"]
[EventDate "2022.04.29"]

1. e4 e5 2. Nf3 Nc6 3. Bc4 Bc5 4. O-O Nf6 5. d3 d6 6. c3 a5 7. Re1 O-O 8. h3 h6
9. Nbd2 Be6 10. Bb5 Qb8 11. Nf1 Qa7 12. Re2 a4 13. Bxc6 bxc6 14. Ng3 Bb6 15. Nh4
Kh7 16. Nhf5 Ng8 17. Nh4 g6 18. Nf3 f5 19. exf5 gxf5 20. d4 Bc4 21. Re1 Rae8 22.
Qc2 e4 23. Nh4 Qa5 24. Bf4 Qd5 25. Qxa4 Ne7 26. Qd1 Qf7 27. Qh5 Qf6 28. Nhxf5
Nxf5 29. Nxf5 Qxf5 30. Qxh6+ Kg8 31. Re3 Qh7 32. Rg3+ Kh8 33. Qg5 Rf5 34. Qg4
Rg8 35. Qxg8+ Bxg8 0-1

[Event "American Cup Blitz 2022"]
[Site "Saint Louis USA"]
[Date "2022.04.29"]
[Round "8.4"]
[White "Martinez Alcantara, Jose Eduardo"]
[Black "Robson, Ray"]
[Result "1-0"]
[WhiteTitle "GM"]
[BlackTitle "GM"]
[WhiteElo "2598"]
[BlackElo "2681"]
[WhiteFideId "3805662"]
[BlackFideId "2023970"]
[EventDate "2022.04.29"]

1. e4 c5 2. Nf3 d6 3. c3 Nf6 4. h3 g6 5. Bd3 Bg7 6. Bc2 e5 7. O-O O-O 8. d4 exd4
9. cxd4 cxd4 10. Nxd4 d5 11. e5 Ne4 12. Nc3 Bxe5 13. Be3 Nxc3 14. bxc3 Nc6 15.
Rb1 Qc7 16. Bb3 Be6 17. Re1 Rad8 18. Bg5 Rd7 19. Nxe6 fxe6 20. Qg4 Qd6 21. Re2
h5 22. Qh4 Bxc3 23. Rd1 Rdf7 24. Kh1 Be5 25. Bh6 Bg7 26. Bc1 Bf6 27. Qa4 Be5 28.
Ba3 Qd8 29. Bxf8 Qxf8 30. Qh4 Rf4 31. Qg3 Kh7 32. Bc2 Qf7 33. Bxg6+ Qxg6 34.
Rxe5 Qxg3 35. fxg3 Rf6 36. Rxh5+ Kg6 37. Rh4 Rf2 38. Rg4+ Kh5 39. a3 b5 40. Rh4+
Kg5 41. Rg4+ Kh5 42. Rg8 e5 43. Rxd5 a6 44. Kh2 Rf6 45. Rd7 Kh6 46. g4 Rg6 47.
Rxg6+ 1-0